| 000 | 01410nam a2200253 i 4500 | ||
|---|---|---|---|
| 001 | 18417 | ||
| 003 | DO-SdUEMH | ||
| 005 | 20260407161201.0 | ||
| 007 | ta | ||
| 008 | 260407b2026 dr a|||gri||| 001 0 spa d | ||
| 020 | _a9789945941982 | ||
| 040 |
_aDO-SdUEMH _bspa _erda |
||
| 041 | _aspa | ||
| 082 | 0 | 4 |
_mRD _bP933h |
| 245 | 1 | 0 | _aPresión humana sobre los humedales de San Antonio de Guerra en la República Dominicana / |
| 264 | 1 |
_aSanto Domingo, República Dominicana : _bBúho S.R.L., _c2026 |
|
| 300 |
_a150 paginas : _bilustraciones ; _c30 cm. |
||
| 336 |
_2rdacontent _atexto _btxt |
||
| 337 |
_2rdamedia _asin mediación _bn |
||
| 338 |
_2rdacarrier _avolumen _bnc |
||
| 504 | _aBibliografías en paginas 131-136 | ||
| 505 | 2 | _aAspectos metodológicos -- Humedales: perspectiva general -- Contexto normativo de los humedales y recursos hídricos -- Descripción del área de estudio -- Contexto socioeconómico del territorio de San Antonio de Guerra -- Caracterización geográfica -- Caracterización climática -- Vulnerabilidad climática -- Geografía de la población y evolución de los asentamientos humanos -- Humedales de San Antonio de Guerra -- Análisis de las lagunas de San Antonio de Guerra -- Segundo nivel de estudio: humedales analizados desde el punto de vista de la calidad del agua -- Tercer nivel de estudio: sistemas de humedales analizados integralmente. | |
| 942 |
_2ddc _n0 _cBK |
||
| 999 |
_c18417 _d18417 |
||